| 000 | 02521nam a22002777a 4500 | ||
|---|---|---|---|
| 001 | 1360 | ||
| 005 | 20250528095534.0 | ||
| 020 | _a9789924340065 | ||
| 040 |
_aFISKH _beng _cFISKH _dFISKH |
||
| 082 | _a371.91 | ||
| 100 | _aGeystelen, Judit Van | ||
| 245 |
_aគីមឡាង មើលមិនឃើញតែ.... / _cគំនិតផ្ដួចផ្ដើម និងរៀបរៀងអត្ថបទ Project Initiative and Text Judit van Geystelen - រូបថត Photography Ung Nita - បកប្រែពីភាសាអង់គ្លេសដោយ អ៊ូច សូលីដា Translation from English by Ouch Solida |
||
| 246 | _aKimlang cannot see, yet.... | ||
| 250 | _aបោះពុម្ពលើកទី៣ ខែមិថុនា ឆ្នាំ ២០២១ | ||
| 260 |
_aPhnom Penh : _bSipar, _c2022. |
||
| 300 |
_a31 pages : _bcolor illustrations ; _c18 x 2៤ cm |
||
| 505 | _aP | ||
| 520 | _aគិមឡាងជាក្មេងស្រីអាយុ ១៣ឆ្នាំ ហើយរស់នៅប្រទេសកម្ពុជា។ នាងទៅសាលា ហើយចូលចិត្តចំណាយពេលជាមួយមិត្តភក្ដិលេងជាមួយឆ្កែនាង និងច្រៀងលេង។ ពេលនាងធំឡើង នាងចង់ក្លាយជាគ្រូភាសាអង់គ្លេសម្នាក់។ ដូចគ្នានឹងក្មេងៗដ៏ទៃដែរ គីមឡាងមានជិវិតរីករាយ និងមានក្ដីសុបិន្តនាថ្ងៃអនាគត។ ប៉ុន្តែអ្វីមួយដែលគីមឡាងមានខុសពីគេ។ នាងរស់នៅជាមួយពិការភាព គឺនាងពិការភ្នែក។ | ||
| 520 | _aKimlang is 13 years old and lives in Cambodia. She goes to school and likes to spend time with her friends, plays with her dog and sing. When she grow up she would like to be an English teacher! Likes most children of her age, Kimlang enjoy life and has dreams about her future. Yet, something is different about Kimlang. Kimlang lives with a disability, she is blind. | ||
| 521 |
_a600 _bLexile estimate |
||
| 521 |
_aP _bRaz-Plus |
||
| 650 |
_aពិការភាព _vក្ដីសុបិន្ត |
||
| 650 |
_aDisability _vDream |
||
| 700 |
_aNita, Ung _cillustrator |
||
| 942 |
_2ddc _cBK _n0 |
||
| 999 |
_c1360 _d1360 |
||